00313 2200133 4500001002100000005001500021035002000036245003900056260004000095082000800135084001200143990001200155990001200167INLIS00000000000258620250605020248 a0010-0625000172 aMembuat Alat Elektronik /cSoejono aBandung :bRemaja Rosdakarya,c2004 a600 a600 MEM a0420973 a0420974